01374nam a22002897a 4500003000400000005001700004008004100021020004100062040003100103050001700134100003600151245009300187260003400280300002900314336002400343337002800367338002500395504005100420650004400471650004700515650005900562650004300621942004100664999001900705952018000724952018000904OSt20250821130758.0250715b |||||||| |||| 00| 0 eng d a9781509843541 (Paperback)cUSD 10.00 aNUSTbengcNUSTdNUSTerda aBF637.S8 BAR aBarabasi, Albert-laszloeAuthor aThe Formula : bthe science behind why people succeed or fail /cAlbert-Laszlo Barabasi. aLondon :bMacmillan,c©2018. avii, 310 pages :c25 cm. 2rdamediaatextbtxt 2rdamediaaunmediatedbn 2rdamediaavolumebnc aIncludes bibliographical references and index. aPhilosophy, Psychology and Religion . aBUSINESS and ECONOMICS Entrepreneurship. aPSYCHOLOGY Industrial and Organizational Psychology. aSELF-HELP Personal Growth Success. 2lcccBOOKShBF637.S8 BARkBFmBARn0 c172242d172242 00102LCC40708NFICaMAINbMAINcGENd2025-07-15eBook Aid Internationalg10.00l0oBF637.S8 BARp92004053890r2025-07-15 10:52:27t61003v10.00w2025-07-15yBOOKSzDonation 00102LCC40708NFICaMAINbMAINcGENd2025-07-18eBook Aid Internationalg10.00l0oBF637.S8 BARp92004055291r2025-07-18 09:42:04t61320v10.00w2025-07-18yBOOKSzDonation